Slovník francúzsko-slovenský
Uložené v:
| Hlavný autor: | |
|---|---|
| Médium: | Kniha |
| Jazyk: | Slovak French |
| Vydavateľské údaje: |
Nitra
Prvá slov. knihtlač.
1933
|
| Tagy: |
Žiadne tagy, Buďte prvý, kto otaguje tento záznam!
|
MARC
| LEADER | 00000nam a2200000 4500 | ||
|---|---|---|---|
| 001 | c123530 | ||
| 005 | 20150325110639.0 | ||
| 041 | 0 | |a slo | |
| 041 | 0 | |a fre | |
| 044 | |a SK | ||
| 245 | 1 | 0 | |a Slovník francúzsko-slovenský |c V. Šedivý |
| 264 | 1 | |a Nitra |b Prvá slov. knihtlač. |c 1933 | |
| 300 | |a 955 s. | ||
| 100 | 1 | |a Šedivý, V. | |